Microbiology (Record no. 4208)

MARC details
000 -LEADER
fixed length control field 00924cam a22003134a 4500
001 - CONTROL NUMBER
control field 13081646
003 - CONTROL NUMBER IDENTIFIER
control field OSt
005 - DATE AND TIME OF LATEST TRANSACTION
control field 20240126123528.0
008 - FIXED-LENGTH DATA ELEMENTS--GENERAL INFORMATION
fixed length control field 030204s2003 paua 001 0 eng
010 ## - LIBRARY OF CONGRESS CONTROL NUMBER
LC control number 2003101728
020 ## - INTERNATIONAL STANDARD BOOK NUMBER
International Standard Book Number 1560535741
035 ## - SYSTEM CONTROL NUMBER
System control number (DLC) 2003101728
040 ## - CATALOGING SOURCE
Original cataloging agency DLC
Transcribing agency DLC
Modifying agency DLC
042 ## - AUTHENTICATION CODE
Authentication code pcc
043 ## - GEOGRAPHIC AREA CODE
Geographic area code n-us---
050 00 - LIBRARY OF CONGRESS CALL NUMBER
Classification number QR46
Item number .B735 2003
082 00 - DEWEY DECIMAL CLASSIFICATION NUMBER
Classification number QW4 B782p 2003
100 1# - MAIN ENTRY--PERSONAL NAME
Personal name Brochert, Adam,
9 (RLIN) 9070
245 10 - TITLE STATEMENT
Title Microbiology
260 ## - PUBLICATION, DISTRIBUTION, ETC. (IMPRINT)
Place of publication, distribution, etc. Philadelphia;
Name of publisher, distributor, etc. Hanley & Belfus,
Date of publication, distribution, etc. 2003.
300 ## - PHYSICAL DESCRIPTION
Extent 114 p. :
Other physical details ill. ;
Dimensions 23 cm.
440 #0 - SERIES STATEMENT/ADDED ENTRY--TITLE
Title Platinum vignettes
9 (RLIN) 9071
500 ## - GENERAL NOTE
General note Includes index.
650 #0 - SUBJECT ADDED ENTRY--TOPICAL TERM
Topical term or geographic name as entry element Medical microbiology
9 (RLIN) 9072
650 #0 - SUBJECT ADDED ENTRY--TOPICAL TERM
Topical term or geographic name as entry element Physicians
9 (RLIN) 9073
906 ## - LOCAL DATA ELEMENT F, LDF (RLIN)
a 7
b cbc
c orignew
d 2
e epcn
f 20
g y-gencatlg
942 ## - ADDED ENTRY ELEMENTS (KOHA)
Source of classification or shelving scheme Dewey Decimal Classification
Koha item type Open Shelf
Holdings
Withdrawn status Lost status Source of classification or shelving scheme Damaged status Not for loan Home library Current library Date acquired Source of acquisition Inventory number Total Checkouts Full call number Barcode Date last seen Koha item type
    Other/Generic Classification Scheme     MUST Main Library MUST Main Library 27/05/2016 Purchase 12/35625   QW 4 B782p 2003 2016-2204 27/05/2016 Open Shelf